| 000 | 00500nam a2200169 i 4500 | ||
|---|---|---|---|
| 001 | 23282 | ||
| 003 | ES-MaACL | ||
| 005 | 20251012063038.0 | ||
| 007 | t| | ||
| 008 | 021210s1952 sp ||||1| spa d | ||
| 100 | 1 |
_aÁlvarez, Jesús, _d1907-1996 _920643 |
|
| 245 | 1 | 0 |
_aEstampas cistercienses / _cJesús Alvarez. |
| 260 |
_aBurgos : _bCerdeña, _c1952 ( _fHijos de S. Rodríguez) |
||
| 300 |
_a157 p., 21 lám. ; _c22 cm. |
||
| 852 |
_aES-MaACL _jD-8072 _bR.32045 |
||
| 999 |
_c23282 _d23282 |
||